Normal view
MARC view
- DIGITAL ELECTRONICS INTEGRATED CIRCUITS
Entry Topical Term
001 - CONTROL NUMBER
- control field: 65552
003 - CONTROL NUMBER IDENTIFIER
- control field: NUST
005 - DATE AND TIME OF LATEST TRANSACTION
- control field: 20210628203442.0
008 - FIXED-LENGTH DATA ELEMENTS
- fixed length control field: 210628|| aca||aabn | a|a d
040 ## - CATALOGING SOURCE
- Original cataloging agency: NUST
- Transcribing agency: NUST
150 ## - HEADING--TOPICAL TERM
- Topical term or geographic name entry element: DIGITAL ELECTRONICS INTEGRATED CIRCUITS
670 ## - SOURCE DATA FOUND
- Source citation: Work cat.: (NUST): HODGES, D. A , JACKSON, H. G 65551, ANALYSIS AND DESIGN OF DIGITAL INTEGRATED CIRCUITS, 1983
